000 00537nam a2200241Ia 4500
003 IT-RoPAU
008 120407s9999 xx 000 0 und d
040 _aIT-RoPAU
040 _cIT-RoPAU
041 _aita
100 _aAmoroso Leonardo
100 _ccur.
245 _aLogica. A cura di Leonardo Amoroso.
250 _aRoma - Bari
260 _aLaterza
260 _c1984
300 _c20.6 cm
490 _aBiblioteca Universale Laterza, 111
490 _v1
700 _aImmanuel Kant
942 _cBK
999 _c345
_d345